[Event "Ljubljana-chT 75th"]
[Site "Ljubljana"]
[Date "2023.03.16"]
[Round "8.1"]
[White "Gantar, Jan"]
[Black "Jelen, Igor"]
[Result "1-0"]
[WhiteElo "2203"]
[BlackElo "2313"]
[PlyCount "59"]
[EventDate "2023.01.12"]
[EventType "team-swiss"]
[EventRounds "9"]
[EventCountry "SLO"]
[SourceTitle "EXT 2024"]
[Source "ChessBase"]
[SourceDate "2023.10.10"]
[SourceVersion "1"]
[SourceVersionDate "2023.10.10"]
[SourceQuality "1"]
[WhiteTeam "Komenda Popotnik"]
[BlackTeam "Ig"]
[WhiteTeamCountry "SLO"]
[BlackTeamCountry "SLO"]

1. e4 c5 2. Nc3 Nc6 3. Nge2 Nf6 4. d4 cxd4 5. Nxd4 e5 6. Ndb5 d6 7. Bg5 a6 8. Na3 b5 9. Bxf6 gxf6 10. Nd5 f5 11. Bxb5 axb5 12. Nxb5 Ra4 13. Nbc7+ Kd7 14. 0-0 Rxe4 15. Qh5 Nd4 16. c3 Ne2+ 17. Kh1 Kc6 18. Qxf7 Qd7 19. Qh5 Nf4 20. Qd1 Qg7 21. Nxf4 Rxf4 22. Nd5 Rh4 23. Nb4+ Kc7 24. Qa4 Bb7 25. f3 Qh6 26. Nd5+ Bxd5 27. Qa5+ Kd7 28. Qxd5 Rxh2+ 29. Kg1 Qh3 30. gxh3 1-0

[Event "SLO-chT1 West"]
[Site "Slovenia"]
[Date "2022.10.08"]
[Round "2.1"]
[White "Trussevich, Sergey"]
[Black "Gantar, Jan"]
[Result "0-1"]
[WhiteElo "2207"]
[BlackElo "2196"]
[PlyCount "90"]
[EventDate "2022.10.07"]
[EventType "team-tourn"]
[EventRounds "9"]
[EventCountry "SLO"]
[SourceTitle "CBM 210 Extra"]
[Source "ChessBase"]
[SourceDate "2022.11.30"]
[SourceVersion "1"]
[SourceVersionDate "2022.11.30"]
[SourceQuality "1"]
[WhiteTeam "Ljubljana Tajfun"]
[BlackTeam "Komenda"]
[WhiteTeamCountry "SLO"]
[BlackTeamCountry "SLO"]

1. c4 Nf6 2. e3 c5 3. Nf3 g6 4. b3 Bg7 5. Bb2 0-0 6. Be2 b6 7. 0-0 Bb7 8. Qc2 Nc6 9. a3 d5 10. cxd5 Nxd5 11. Bxg7 Kxg7 12. Qb2+ f6 13. d3 e5 14. Nbd2 Re8 15. Rac1 Rc8 16. Rfe1 Qd7 17. h3 Qf7 18. Bf1 Rcd8 19. Ne4 f5 20. Ned2 Qf6 21. Qb1 e4 22. dxe4 Nc3 23. Qc2 Nxe4 24. Nxe4 Rxe4 25. Qb1 a5 26. Red1 Ree8 27. Nd2 Ne5 28. b4 axb4 29. axb4 Qg5 30. bxc5 Kh6 31. Nb3 Nf3+ 32. Kh1 Nh4 33. f3 Bxf3 34. gxf3 Nxf3 35. Bg2 Qg3 36. Bxf3 Qxf3+ 37. Kg1 Qg3+ 38. Kf1 Rxe3 39. Rd2 Rf3+ 40. Ke2 Qg2+ 41. Kd1 Qf1+ 42. Kc2 Qc4+ 43. Kb2 Rxb3+ 44. Ka1 Ra8+ 45. Ra2 Rxa2+ 0-1

[Event "Ljubljana-chT 74th"]
[Site "Ljubljana"]
[Date "2022.02.10"]
[Round "5.1"]
[White "Gantar, Jan"]
[Black "Babic, Miroslav"]
[Result "1-0"]
[WhiteElo "2158"]
[BlackElo "1671"]
[PlyCount "99"]
[EventDate "2022.01.13"]
[EventType "team-swiss"]
[EventRounds "9"]
[EventCountry "SLO"]
[SourceTitle "EXT 2024"]
[Source "ChessBase"]
[SourceDate "2023.10.10"]
[SourceVersion "1"]
[SourceVersionDate "2023.10.10"]
[SourceQuality "1"]
[WhiteTeam "Komenda Popotnik"]
[BlackTeam "Ljubljana SK"]
[WhiteTeamCountry "SLO"]
[BlackTeamCountry "SLO"]

1. e4 e6 2. d4 d5 3. Nd2 dxe4 4. Nxe4 Nd7 5. Nf3 h6 6. Bd3 Ngf6 7. Nxf6+ Nxf6 8. 0-0 Bd6 9. Re1 0-0 10. c3 b6 11. a4 Bb7 12. Qe2 c5 13. Be3 Ng4 14. h3 Nxe3 15. Qxe3 Qf6 16. Be4 cxd4 17. Qxd4 Qxd4 18. Nxd4 Bxe4 19. Rxe4 a5 20. Kf1 Rac8 21. Nb5 Be7 22. Rd1 Bf6 23. Rd6 Rb8 24. Rc4 Rfd8 25. Rcc6 Rxd6 26. Rxd6 Kf8 27. Rd7 Be7 28. Ke2 h5 29. g4 hxg4 30. hxg4 g5 31. f3 f5 32. Nd4 fxg4 33. fxg4 e5 34. Nc6 Re8 35. Ke3 Bc5+ 36. Ke4 Re6 37. Nxe5 Bd6 38. Rf7+ Ke8 39. Rf5 Be7 40. Kd5 Rd6+ 41. Kc4 Rd2 42. Nc6 Kd7 43. Nxe7 Kxe7 44. b3 Rb2 45. Rxg5 Kd7 46. b4 axb4 47. cxb4 Kc6 48. Rg6+ Kc7 49. Kb5 Rb1 50. Rxb6 1-0

[Event "SLO-chT 31st"]
[Site "Ljubljana"]
[Date "2021.09.24"]
[Round "7.2"]
[White "Zamar Kodelja, Jurij"]
[Black "Gantar, Jan"]
[Result "0-1"]
[WhiteElo "2248"]
[BlackElo "2162"]
[PlyCount "60"]
[EventDate "2021.09.10"]
[EventType "team-tourn"]
[EventRounds "9"]
[EventCountry "SLO"]
[SourceTitle "CBM 204 Extra"]
[Source "ChessBase"]
[SourceDate "2021.11.30"]
[SourceVersion "1"]
[SourceVersionDate "2021.11.30"]
[SourceQuality "1"]
[WhiteTeam "Nova Gorica CC"]
[BlackTeam "Komenda"]
[WhiteTeamCountry "SLO"]
[BlackTeamCountry "SLO"]

1. d4 Nf6 2. c4 c5 3. d5 e6 4. Nc3 exd5 5. cxd5 d6 6. e4 g6 7. Bg5 a6 8. a4 Bg7 9. h3 h6 10. Be3 Qe7 11. Bd3 Nbd7 12. Nf3 Rb8 13. 0-0 0-0 14. Qd2 Kh7 15. Rfe1 Ne8 16. Rad1 Nc7 17. Bf4 f6 18. Bg3 Ne5 19. Nh4 Qf7 20. Bb1 b5 21. f4 Nc4 22. Qe2 f5 23. exf5 Bxf5 24. Nxf5 gxf5 25. axb5 axb5 26. Bh4 Rbe8 27. Qf1 Ne3 28. Rxe3 Rxe3 29. Nxb5 Nxb5 30. Qxb5 Qh5 0-1

[Event "SLO-chT Central 22nd"]
[Site "Slovenia"]
[Date "2021.09.22"]
[Round "2.1"]
[White "Gantar, Jan"]
[Black "Mihelic, Vesna"]
[Result "1-0"]
[WhiteElo "2162"]
[BlackElo "1882"]
[PlyCount "115"]
[EventDate "2021.09.16"]
[EventType "team-tourn"]
[EventRounds "7"]
[EventCountry "SLO"]
[SourceTitle "EXT 2024"]
[Source "ChessBase"]
[SourceDate "2023.10.10"]
[SourceVersion "1"]
[SourceVersionDate "2023.10.10"]
[SourceQuality "1"]
[WhiteTeam "Komenda Popotnik"]
[BlackTeam "Menges Trzin"]
[WhiteTeamCountry "SLO"]
[BlackTeamCountry "SLO"]

1. e4 e5 2. Nf3 Nc6 3. Bc4 Bc5 4. 0-0 Nf6 5. d3 d6 6. c3 Bb6 7. Bb3 h6 8. Nbd2 0-0 9. h3 Ne7 10. Re1 Ng6 11. Nc4 Re8 12. Bc2 c6 13. Nxb6 axb6 14. d4 Qc7 15. c4 Bd7 16. Be3 c5 17. d5 b5 18. cxb5 Bxb5 19. a4 Bd7 20. Qd2 Qc8 21. Ra3 Kh7 22. Kh2 Nh5 23. Ng1 Nhf4 24. Rc1 f5 25. g3 fxe4 26. gxf4 exf4 27. Bxf4 Qd8 28. Bxd6 Bxh3 29. Nxh3 Qxd6+ 30. Rg3 Rad8 31. Kh1 Nh4 32. Qf4 Qxf4 33. Nxf4 Nf5 34. Rb3 Rd7 35. f3 Nd4 36. Re3 Nxc2 37. Rxc2 g5 38. Ne6 Rxd5 39. Rxe4 Rc8 40. b4 b6 41. Kg2 Kg6 42. bxc5 bxc5 43. Rec4 Kf5 44. Rxc5 Rcxc5 45. Nxc5 g4 46. fxg4+ Kxg4 47. a5 Rd8 48. a6 Ra8 49. Rf2 Ra7 50. Rf6 Kg5 51. Rb6 Kf5 52. Rb7 Ra8 53. a7 Ke5 54. Rd7 h5 55. Kh3 h4 56. Na4 Ke6 57. Nb6 Rf8 58. Rd3 1-0

[Event "SLO-chT Central 22nd"]
[Site "Slovenia"]
[Date "2021.09.16"]
[Round "1.2"]
[White "Gantar, Jan"]
[Black "Macek, Inti"]
[Result "1-0"]
[WhiteElo "2162"]
[BlackElo "1229"]
[PlyCount "53"]
[EventDate "2021.09.16"]
[EventType "team-tourn"]
[EventRounds "7"]
[EventCountry "SLO"]
[SourceTitle "EXT 2024"]
[Source "ChessBase"]
[SourceDate "2023.10.10"]
[SourceVersion "1"]
[SourceVersionDate "2023.10.10"]
[SourceQuality "1"]
[WhiteTeam "Komenda Popotnik"]
[BlackTeam "Komenda Pogi"]
[WhiteTeamCountry "SLO"]
[BlackTeamCountry "SLO"]

1. e4 e5 2. Nf3 Nc6 3. Nc3 Nf6 4. h3 Be7 5. d4 d6 6. d5 Nb4 7. Be3 c6 8. a3 Na6 9. Bxa6 bxa6 10. dxc6 Qc7 11. 0-0 Qxc6 12. Re1 0-0 13. Bg5 h6 14. Bxf6 Bxf6 15. Nd5 Bd8 16. Qd3 f5 17. Rad1 fxe4 18. Qxe4 Bb7 19. Re3 Kh8 20. c4 Bb6 21. Nh4 g5 22. Qg6 Qe8 23. Qxh6+ Kg8 24. Qxg5+ Kh7 25. Nxb6 axb6 26. Rxd6 Rg8 27. Qh6# 1-0

[Event "SLO-chT 31st"]
[Site "Ljubljana"]
[Date "2021.09.10"]
[Round "1.3"]
[White "Gantar, Jan"]
[Black "Janzelj, Tim"]
[Result "0-1"]
[WhiteElo "2162"]
[BlackElo "2466"]
[PlyCount "68"]
[EventDate "2021.09.10"]
[EventType "team-tourn"]
[EventRounds "9"]
[EventCountry "SLO"]
[SourceTitle "CBM 204 Extra"]
[Source "ChessBase"]
[SourceDate "2021.11.30"]
[SourceVersion "1"]
[SourceVersionDate "2021.11.30"]
[SourceQuality "1"]
[WhiteTeam "Komenda"]
[BlackTeam "Ig"]
[WhiteTeamCountry "SLO"]
[BlackTeamCountry "SLO"]

1. e4 c6 2. d4 d5 3. exd5 cxd5 4. Bd3 Nc6 5. c3 Qc7 6. h3 g6 7. Nf3 Bf5 8. 0-0 Nf6 9. Re1 Bg7 10. Ne5 Ne4 11. Bf4 Nxe5 12. Bxe5 Bxe5 13. dxe5 0-0-0 14. Qa4 Kb8 15. Qd4 Nc5 16. Bxf5 gxf5 17. Na3 Rhg8 18. Nb5 Qb6 19. b4 Qxb5 20. bxc5 e6 21. Rab1 Qc6 22. Rb4 Rd7 23. Reb1 Ka8 24. Rb5 Qa6 25. Qb4 d4 26. cxd4 Qc6 27. g3 Rgd8 28. Qb3 f4 29. gxf4 Rg8+ 30. Kf1 Qg2+ 31. Ke2 Rxd4 32. Rb4 Qe4+ 33. Kf1 Rxb4 34. Qxb4 Qd3+ 0-1

[Event "Ljubljana-chT 73rd"]
[Site "Ljubljana"]
[Date "2020.02.06"]
[Round "3.1"]
[White "Jelen, Igor"]
[Black "Gantar, Jan"]
[Result "1/2-1/2"]
[WhiteElo "2336"]
[BlackElo "2151"]
[PlyCount "72"]
[EventDate "2020.01.16"]
[EventType "team-swiss"]
[EventRounds "6"]
[EventCountry "SLO"]
[SourceTitle "EXT 2024"]
[Source "ChessBase"]
[SourceDate "2023.10.10"]
[SourceVersion "1"]
[SourceVersionDate "2023.10.10"]
[SourceQuality "1"]
[WhiteTeam "Ig"]
[BlackTeam "Komenda Popotnik"]
[WhiteTeamCountry "SLO"]
[BlackTeamCountry "SLO"]

1. d4 Nf6 2. c4 c5 3. d5 e6 4. Nc3 exd5 5. cxd5 d6 6. e4 g6 7. f4 Bg7 8. Bb5+ Nfd7 9. a4 0-0 10. Nf3 Na6 11. 0-0 Nb4 12. Re1 a6 13. Bc4 Nb6 14. Be2 Bg4 15. Ng5 Bxe2 16. Qxe2 Re8 17. Be3 Bd4 18. a5 h6 19. Bxd4 cxd4 20. Nxf7 Kxf7 21. axb6 Rc8 22. Qd2 dxc3 23. bxc3 Qxb6+ 24. Kh1 Rc4 25. e5 dxe5 26. fxe5 Nxd5 27. Qxd5+ Qe6 28. Qxb7+ Re7 29. Qf3+ Kg7 30. h3 Rf7 31. Qe3 Rcf4 32. Rad1 Rf3 33. Qe4 R7f4 34. Qb7+ Rf7 35. Qe4 R7f4 36. Qb7+ Rf7 1/2-1/2

[Event "SLO-chT1 West 29th"]
[Site "Slovenia"]
[Date "2019.10.19"]
[Round "8.4"]
[White "Gantar, Jan"]
[Black "Milenkovic, Mladen"]
[Result "1/2-1/2"]
[WhiteElo "2135"]
[BlackElo "2312"]
[PlyCount "107"]
[EventDate "2019.09.20"]
[EventType "team-tourn"]
[EventRounds "9"]
[EventCountry "SLO"]
[SourceTitle "CBM 192 Extra"]
[Source "Chessbase"]
[SourceDate "2019.11.06"]
[SourceVersion "1"]
[SourceVersionDate "2019.11.06"]
[SourceQuality "1"]
[WhiteTeam "Komenda"]
[BlackTeam "Domzale Tajfun"]
[WhiteTeamCountry "SLO"]
[BlackTeamCountry "SLO"]

1. e4 c5 2. Nc3 Nc6 3. Nge2 g6 4. d4 cxd4 5. Nxd4 Bg7 6. Nde2 Rb8 7. a4 a6 8. g3 b5 9. axb5 axb5 10. Bg2 b4 11. Nd5 e6 12. Ne3 Nge7 13. 0-0 0-0 14. Ra2 b3 15. cxb3 d5 16. exd5 exd5 17. Nxd5 Nxd5 18. Bxd5 Nb4 19. Bf4 Nxa2 20. Bxb8 Ba6 21. Bxf7+ Kh8 22. Bc4 Bxc4 23. bxc4 Qxb8 24. Nf4 Qxb2 25. Ne6 Rb8 26. Qd6 Qe5 27. c5 Nc3 28. Qxe5 Bxe5 29. f4 Ne2+ 30. Kf2 Nd4 31. Ng5 Bf6 32. Ne4 Kg7 33. Rd1 Rb2+ 34. Rd2 Rxd2+ 35. Nxd2 Kf7 36. Ke3 Ke6 37. Ke4 Nc6 38. g4 Be7 39. f5+ Kd7 40. fxg6 hxg6 41. Kd5 Nb4+ 42. Kc4 Na6 43. Nf3 g5 44. Kd5 Bf6 45. c6+ Ke7 46. h4 gxh4 47. g5 Nb4+ 48. Ke4 Bxg5 49. Nxg5 Nxc6 50. Nf3 h3 51. Kf4 Nd4 52. Nxd4 h2 53. Nf5+ Kf6 54. Ng3 1/2-1/2

[Event "SLO-chT1 West 29th"]
[Site "Slovenia"]
[Date "2019.09.27"]
[Round "4.2"]
[White "Gantar, Jan"]
[Black "Mencinger, Vojko"]
[Result "1/2-1/2"]
[WhiteElo "2135"]
[BlackElo "2332"]
[PlyCount "62"]
[EventDate "2019.09.20"]
[EventType "team-tourn"]
[EventRounds "9"]
[EventCountry "SLO"]
[SourceTitle "CBM 192 Extra"]
[Source "Chessbase"]
[SourceDate "2019.11.06"]
[SourceVersion "1"]
[SourceVersionDate "2019.11.06"]
[SourceQuality "1"]
[WhiteTeam "Komenda"]
[BlackTeam "Gorenjka Lesce"]
[WhiteTeamCountry "SLO"]
[BlackTeamCountry "SLO"]

1. e4 e5 2. Nf3 Nc6 3. Bc4 Bc5 4. d3 Nf6 5. 0-0 0-0 6. c3 d6 7. h3 h6 8. Nbd2 a6 9. a4 Ba7 10. Bb3 Ne7 11. Re1 Ng6 12. Nf1 Re8 13. Ng3 Be6 14. Bc2 c6 15. d4 Qc7 16. Be3 a5 17. Qd2 Rad8 18. Rad1 Bb8 19. Qc1 Kh7 20. Qb1 Qc8 21. Kh2 Bc7 22. b3 b5 23. Bd3 bxa4 24. bxa4 Qa8 25. Qc2 Rb8 26. Rb1 Rxb1 27. Rxb1 Rb8 28. Rb2 Kg8 29. Kg1 Kh7 30. Qb1 Rxb2 31. Qxb2 Kg8 1/2-1/2

[Event "SLO-chT Central 20th"]
[Site "Slovenia"]
[Date "2019.09.26"]
[Round "3.2"]
[White "Rozic, Adrijan"]
[Black "Gantar, Jan"]
[Result "1/2-1/2"]
[WhiteElo "2040"]
[BlackElo "2135"]
[PlyCount "28"]
[EventDate "2019.09.12"]
[EventType "team-tourn"]
[EventRounds "7"]
[EventCountry "SLO"]
[SourceTitle "EXT 2024"]
[Source "ChessBase"]
[SourceDate "2023.10.10"]
[SourceVersion "1"]
[SourceVersionDate "2023.10.10"]
[SourceQuality "1"]
[WhiteTeam "Ig"]
[BlackTeam "Komenda Popotnik"]
[WhiteTeamCountry "SLO"]
[BlackTeamCountry "SLO"]

1. d4 Nf6 2. Nf3 c5 3. c3 g6 4. Bg5 Bg7 5. Nbd2 cxd4 6. cxd4 0-0 7. e3 b6 8. Be2 Bb7 9. 0-0 d6 10. Rc1 Nbd7 11. Bh4 a6 12. h3 Rc8 13. Rxc8 Qxc8 14. Qc1 Qa8 1/2-1/2

[Event "Ljubljana-chT 72nd Superliga"]
[Site "Ljubljana"]
[Date "2019.03.14"]
[Round "7.1"]
[White "Jelen, Igor"]
[Black "Gantar, Jan"]
[Result "1-0"]
[WhiteElo "2333"]
[BlackElo "2173"]
[PlyCount "95"]
[EventDate "2019.01.10"]
[EventType "team-tourn"]
[EventRounds "7"]
[EventCountry "SLO"]
[SourceTitle "EXT 2024"]
[Source "ChessBase"]
[SourceDate "2023.10.10"]
[SourceVersion "1"]
[SourceVersionDate "2023.10.10"]
[SourceQuality "1"]
[WhiteTeam "Ig"]
[BlackTeam "Komenda Popotnik"]
[WhiteTeamCountry "SLO"]
[BlackTeamCountry "SLO"]

1. d4 Nf6 2. c4 c5 3. d5 e6 4. Nc3 exd5 5. cxd5 d6 6. e4 g6 7. f4 Bg7 8. Bb5+ Nfd7 9. a4 Qh4+ 10. g3 Qd8 11. Nf3 0-0 12. 0-0 a6 13. Bd3 Nf6 14. Qb3 Bh3 15. Re1 Bg4 16. Nd2 Nbd7 17. Nc4 Qc7 18. Kg2 Rfe8 19. h3 Bh5 20. g4 Nxg4 21. hxg4 Bxg4 22. Be3 Rab8 23. Bf2 Kh8 24. Be2 Bxe2 25. Rxe2 Nf6 26. Bg3 Nh5 27. a5 Qd7 28. Rf1 Kg8 29. Qd1 Bxc3 30. bxc3 Qg4 31. Rf3 Nxg3 32. Rxg3 Qxf4 33. Qd3 Rbd8 34. Qf3 Qxf3+ 35. Kxf3 Kf8 36. Rg1 Re7 37. Rb1 f5 38. exf5 Rf7 39. Re6 Rxf5+ 40. Ke4 Rf2 41. Rxd6 Re8+ 42. Kd3 Re7 43. Rd8+ Kg7 44. d6 Ref7 45. Ne5 R7f4 46. Rxb7+ Kf6 47. Ng4+ Rxg4 48. Rf8+ 1-0

[Event "Ljubljana-chT 72nd Superliga"]
[Site "Ljubljana"]
[Date "2019.02.07"]
[Round "4.1"]
[White "Gantar, Jan"]
[Black "Trussevich, Simon"]
[Result "1/2-1/2"]
[WhiteElo "2173"]
[BlackElo "2175"]
[PlyCount "41"]
[EventDate "2019.01.10"]
[EventType "team-tourn"]
[EventRounds "7"]
[EventCountry "SLO"]
[SourceTitle "EXT 2024"]
[Source "ChessBase"]
[SourceDate "2023.10.10"]
[SourceVersion "1"]
[SourceVersionDate "2023.10.10"]
[SourceQuality "1"]
[WhiteTeam "Komenda Popotnik"]
[BlackTeam "Ljubljana SK"]
[WhiteTeamCountry "SLO"]
[BlackTeamCountry "SLO"]

1. e4 c5 2. Ne2 d6 3. Nbc3 Nf6 4. d4 cxd4 5. Nxd4 e6 6. g3 Be7 7. Bg2 0-0 8. 0-0 Nc6 9. Nxc6 bxc6 10. Na4 Qc7 11. c4 Nd7 12. b3 Nb6 13. Nxb6 axb6 14. Bb2 Ba6 15. Qc2 b5 16. cxb5 Bxb5 17. Rfc1 c5 18. a4 Bc6 19. b4 Qd7 20. b5 Bb7 21. Rcb1 1/2-1/2

[Event "Ljubljana-chT 72nd Superliga"]
[Site "Ljubljana"]
[Date "2019.01.24"]
[Round "3.1"]
[White "Gantar, Jan"]
[Black "Plaskan, Jure"]
[Result "1-0"]
[WhiteElo "2173"]
[BlackElo "2240"]
[PlyCount "87"]
[EventDate "2019.01.10"]
[EventType "team-tourn"]
[EventRounds "7"]
[EventCountry "SLO"]
[SourceTitle "EXT 2024"]
[Source "ChessBase"]
[SourceDate "2023.10.10"]
[SourceVersion "1"]
[SourceVersionDate "2023.10.10"]
[SourceQuality "1"]
[WhiteTeam "Komenda Popotnik"]
[BlackTeam "Domzale Tajfun"]
[WhiteTeamCountry "SLO"]
[BlackTeamCountry "SLO"]

1. Nf3 c5 2. g3 e6 3. Bg2 d5 4. c4 Nf6 5. 0-0 Nc6 6. b3 Be7 7. d3 0-0 8. a3 Re8 9. e3 e5 10. cxd5 Nxd5 11. Bb2 Bf8 12. Qc2 Bg4 13. h3 Bh5 14. Nbd2 Rc8 15. Rac1 f6 16. Qb1 Bf7 17. Rfd1 b5 18. Kh2 Qb6 19. Ne4 a5 20. Qa1 Nc7 21. Nfd2 Red8 22. Qb1 Rd7 23. Qc2 Na6 24. Nf3 a4 25. bxa4 bxa4 26. Nfd2 Na5 27. Nc4 Qb5 28. Nc3 Qb8 29. Nxa5 Nb4 30. axb4 cxb4 31. Qxa4 bxc3 32. Rxc3 Ra7 33. Rxc8 Qxc8 34. Rc1 Qa6 35. Bc3 Rc7 36. Bf1 Qa8 37. Bg2 Qa6 38. Qd1 Rxc3 39. Rxc3 Qxa5 40. Rc8 Be6 41. Ra8 Qc3 42. Qb1 g6 43. Qb7 Qc5 44. Ra7 1-0

[Event "SLO-chT1 West"]
[Site "Slovenia"]
[Date "2018.10.27"]
[Round "8.3"]
[White "Gantar, Jan"]
[Black "Gasparac, Gregor"]
[Result "1/2-1/2"]
[WhiteElo "2164"]
[BlackElo "2114"]
[PlyCount "60"]
[EventDate "2018.09.28"]
[EventType "team-tourn"]
[EventRounds "9"]
[EventCountry "SLO"]
[SourceTitle "CBM 187 Extra"]
[Source "ChessBase"]
[SourceDate "2018.11.04"]
[SourceVersion "1"]
[SourceVersionDate "2018.11.04"]
[SourceQuality "1"]
[WhiteTeam "Komenda"]
[BlackTeam "Kocevje"]
[WhiteTeamCountry "SLO"]
[BlackTeamCountry "SLO"]

1. e4 e6 2. d4 d5 3. Nd2 c5 4. exd5 Qxd5 5. Ngf3 cxd4 6. Bc4 Qd8 7. 0-0 Nc6 8. Nb3 a6 9. Nbxd4 Nxd4 10. Qxd4 Qxd4 11. Nxd4 Bd7 12. Be2 Bc5 13. Nb3 Bb6 14. Bf3 0-0-0 15. Bf4 Ne7 16. Bd6 Nf5 17. Bc5 Kc7 18. Rfd1 Bc6 19. Bxc6 Kxc6 20. Bxb6 Kxb6 21. Kf1 e5 22. Ke2 f6 23. c3 Rhg8 24. Nd2 Nd6 25. Nf1 Nc4 26. b3 Na3 27. Ne3 Nb5 28. Rac1 Rxd1 29. Kxd1 Rd8+ 30. Kc2 Kc6 1/2-1/2

[Event "SLO-chT Central 19th"]
[Site "Slovenia"]
[Date "2018.10.25"]
[Round "7.1"]
[White "Gantar, Jan"]
[Black "Rojs, Igor"]
[Result "1-0"]
[WhiteElo "2164"]
[BlackElo "2007"]
[PlyCount "61"]
[EventDate "2018.09.13"]
[EventType "team-tourn"]
[EventRounds "7"]
[EventCountry "SLO"]
[SourceTitle "EXT 2021"]
[Source "ChessBase"]
[SourceDate "2020.10.23"]
[SourceVersion "1"]
[SourceVersionDate "2020.10.23"]
[SourceQuality "1"]
[WhiteTeam "Komenda Popotnik"]
[BlackTeam "Trzin Buscotrade"]
[WhiteTeamCountry "SLO"]
[BlackTeamCountry "SLO"]

1. e4 e5 2. Nf3 Nf6 3. Nc3 Nc6 4. h3 Bc5 5. Nxe5 Bxf2+ 6. Kxf2 Nxe5 7. d4 Nc6 8. Be2 d6 9. Rf1 h6 10. Kg1 0-0 11. Bf4 Re8 12. Bf3 Nh7 13. Bh5 Nf6 14. Be3 g6 15. Bf3 Kg7 16. Qd2 Ng8 17. Rf2 Rf8 18. Raf1 f6 19. Be2 Nce7 20. g4 c6 21. h4 Qc7 22. Bf4 Bd7 23. e5 fxe5 24. dxe5 dxe5 25. Bxh6+ Nxh6 26. Rxf8 Rxf8 27. Rxf8 Kxf8 28. Qxh6+ Kf7 29. Qh7+ Ke6 30. Bc4+ Nd5 31. Bxd5+ 1-0

[Event "SLO-chT1 West"]
[Site "Slovenia"]
[Date "2018.10.13"]
[Round "5.2"]
[White "Gantar, Jan"]
[Black "Ursic, Aleksander"]
[Result "1-0"]
[WhiteElo "2164"]
[BlackElo "1925"]
[PlyCount "93"]
[EventDate "2018.09.28"]
[EventType "team-tourn"]
[EventRounds "9"]
[EventCountry "SLO"]
[SourceTitle "CBM 187 Extra"]
[Source "ChessBase"]
[SourceDate "2018.11.04"]
[SourceVersion "1"]
[SourceVersionDate "2018.11.04"]
[SourceQuality "1"]
[WhiteTeam "Komenda"]
[BlackTeam "Ilirska Bistrica Rimex"]
[WhiteTeamCountry "SLO"]
[BlackTeamCountry "SLO"]

1. e4 c5 2. Ne2 d6 3. Nbc3 Nf6 4. d4 cxd4 5. Nxd4 g6 6. g3 Bg7 7. Bg2 0-0 8. 0-0 Bd7 9. h3 Nc6 10. Nde2 Rc8 11. Be3 Re8 12. Nd5 b6 13. a4 Nxe4 14. Bxe4 Bxh3 15. Bg2 Bxg2 16. Kxg2 Bxb2 17. Rb1 Bg7 18. Rh1 Qd7 19. Rh4 Ne5 20. Qh1 h5 21. c3 e6 22. Nb4 Rc4 23. Rxc4 Nxc4 24. Qd1 Nxe3+ 25. fxe3 Rc8 26. Qd3 Be5 27. Qa6 Rc5 28. Nd3 Qc6+ 29. Kf2 Ra5 30. Nxe5 dxe5 31. Qd3 Rxa4 32. Rb4 Ra1 33. Rb1 Ra5 34. e4 Kg7 35. Rd1 Ra4 36. Ke3 b5 37. Rb1 a6 38. Rd1 g5 39. Rb1 g4 40. Rb4 Ra2 41. Qd8 f6 42. Qe7+ Kg6 43. Qf8 Qd7 44. Qg8+ Qg7 45. Qxe6 Qh6+ 46. Kf2 Qg7 47. Qxa2 1-0

[Event "SLO-chT1 West"]
[Site "Slovenia"]
[Date "2018.09.29"]
[Round "2.3"]
[White "Hrenic, Misa"]
[Black "Gantar, Jan"]
[Result "1/2-1/2"]
[WhiteElo "2043"]
[BlackElo "2164"]
[PlyCount "80"]
[EventDate "2018.09.28"]
[EventType "team-tourn"]
[EventRounds "9"]
[EventCountry "SLO"]
[SourceTitle "CBM 187 Extra"]
[Source "ChessBase"]
[SourceDate "2018.11.04"]
[SourceVersion "1"]
[SourceVersionDate "2018.11.04"]
[SourceQuality "1"]
[WhiteTeam "Jeenice Sij Acroni"]
[BlackTeam "Komenda"]
[WhiteTeamCountry "SLO"]
[BlackTeamCountry "SLO"]

1. e4 Nf6 2. e5 Nd5 3. d4 d6 4. c4 Nb6 5. exd6 cxd6 6. Nc3 g6 7. Be3 Bg7 8. Rc1 0-0 9. b3 Bf5 10. Nge2 d5 11. c5 Nc8 12. h3 Nc6 13. g4 Be4 14. Nxe4 dxe4 15. Bg2 f5 16. gxf5 gxf5 17. 0-0 e5 18. dxe5 Nxe5 19. Qxd8 Rxd8 20. Nf4 Ne7 21. Ne6 Rd7 22. Rcd1 Bf6 23. Rxd7 Nxd7 24. Rd1 Kf7 25. Rxd7 Kxe6 26. Rxb7 Rd8 27. Bf1 Rd1 28. Kg2 Ke5 29. Be2 Ra1 30. f4+ exf3+ 31. Kxf3 Rxa2 32. Bc4 Nd5 33. Rxh7 Nxe3 34. Kxe3 Ra5 35. c6 Rc5 36. Rxa7 Bg5+ 37. Kf3 Rxc6 38. Ra5+ Kf6 39. Ra6 Rxa6 40. Bxa6 Bd2 1/2-1/2

[Event "Ljubljana-chT 71st"]
[Site "Ljubljana"]
[Date "2018.03.22"]
[Round "7.2"]
[White "Gantar, Jan"]
[Black "Jelen, Igor"]
[Result "0-1"]
[WhiteElo "2189"]
[BlackElo "2374"]
[PlyCount "54"]
[EventDate "2018.01.11"]
[EventType "team-tourn"]
[EventRounds "9"]
[EventCountry "SLO"]
[SourceTitle "EXT 2020"]
[Source "ChessBase"]
[SourceDate "2019.10.17"]
[SourceVersion "1"]
[SourceVersionDate "2019.10.17"]
[SourceQuality "1"]
[WhiteTeam "Komenda Popotnik"]
[BlackTeam "Ig"]
[WhiteTeamCountry "SLO"]
[BlackTeamCountry "SLO"]

1. e4 c5 2. Nc3 Nc6 3. Nge2 Nf6 4. d4 cxd4 5. Nxd4 e5 6. Ndb5 d6 7. Bg5 a6 8. Na3 b5 9. Bxf6 gxf6 10. Nd5 f5 11. c3 Bg7 12. exf5 Bxf5 13. Nc2 0-0 14. Nce3 Be6 15. g3 f5 16. Bg2 f4 17. Nc2 Bf5 18. Nxf4 exf4 19. Bxc6 Qe7+ 20. Kf1 Bh3+ 21. Kg1 Rac8 22. Bd5+ Kh8 23. Nd4 Rc5 24. Bg2 Bxg2 25. Kxg2 f3+ 26. Nxf3 Qb7 27. Re1 Rd5 0-1

[Event "Pardubice Czech op-B 28th"]
[Site "Pardubice"]
[Date "2017.07.29"]
[Round "9"]
[White "Pycha, Patrik"]
[Black "Gantar, Jan"]
[Result "1-0"]
[WhiteElo "2060"]
[BlackElo "2206"]
[PlyCount "49"]
[EventDate "2017.07.21"]
[EventType "swiss"]
[EventRounds "9"]
[EventCountry "CZE"]
[SourceTitle "CBM 179 Extra"]
[Source "ChessBase"]
[SourceDate "2017.08.23"]
[SourceVersion "1"]
[SourceVersionDate "2017.08.23"]
[SourceQuality "1"]

1. e4 Nf6 2. e5 Nd5 3. Nc3 Nxc3 4. dxc3 d6 5. Nf3 Nc6 6. Bf4 g6 7. Bc4 Bg7 8. Qe2 0-0 9. 0-0-0 Bg4 10. e6 f5 11. Qe3 Rb8 12. h4 Qe8 13. Rdg1 Bxf3 14. gxf3 Ne5 15. Bxe5 dxe5 16. h5 b5 17. Bb3 a5 18. hxg6 hxg6 19. a3 b4 20. Qg5 Rf6 21. Qh4 bxc3 22. Qh7+ Kf8 23. Rh6 Rxb3 24. Rhxg6 cxb2+ 25. Kb1 1-0